Curriculum universitario siglo 21 /
Guardado en:
| Formato: | Libro |
|---|---|
| Publicado: |
Paraná :
Facultad de Ciencias de la Educación,
1994
|
| Materias: | |
| Etiquetas: |
Agregar Etiqueta
Sin Etiquetas, Sea el primero en etiquetar este registro!
|
| LEADER | 00940nam a22002055a 4500 | ||
|---|---|---|---|
| 001 | CEM.cems007658 | ||
| 005 | 20100628122315.0 | ||
| 008 | 130507s1994##################000#0#####d | ||
| 003 | CEMS | ||
| 082 | 0 | 4 | |a 370.19 |
| 245 | 0 | 0 | |a Curriculum universitario siglo 21 / |
| 260 | |a Paraná : |b Facultad de Ciencias de la Educación, |c 1994 | ||
| 300 | |a 118 p. | ||
| 505 | 0 | |a La educación superior en América Latina, de la reforma de 1918 al ajuste estructural de los 90 / C. Torres -- Los retos del siglo 21 ante el Estado evaluador / R. Follari -- Nuevos campos problemáticos para el curriculum del siglo 21 / M. Albornoz -- Curriculum universitario, proyectos sociales amplios y futuro / L. Petrucci | |
| 653 | |a América latina-educación | ||
| 653 | |a Educación | ||
| 653 | |a Educación universitaria | ||
| 653 | |a Educación y futuro | ||
| 653 | |a Sociología de la educación | ||
| 859 | |a CEMS |b BIB. CEMS - 11 de abril |h 370.19 |i Un3 |p 17940.94 |t Ej.1 | ||
